Informe anual el sistema de la crueldad XVIII. Sobre lugares de encierro, políticas de seguridad, salud mental y niñeces en la provincia de Buenos Aires /

Guardado en:
Autor Corporativo: Comisión provincial de la memoria.
Formato: Libro
Idioma:Undetermined
Publicado: La Plata : Comisión provincial de la memoria, 2023.
Edición:1a. ed.
Materias:
Etiquetas: Agregar Etiqueta
Sin Etiquetas, Sea el primero en etiquetar este registro!
LEADER 00643nam a22001575a 4500
001 DER.der015315
008 251008s2023####xx############000#0#und#d
005 20251008113339.0
245 1 0 |a Informe anual  |f 2024 :  |b el sistema de la crueldad XVIII. Sobre lugares de encierro, políticas de seguridad, salud mental y niñeces en la provincia de Buenos Aires /  |c Comisión provincial de la memoria. 
250 |a 1a. ed. 
260 |a La Plata :  |b Comisión provincial de la memoria,  |c 2023. 
300 |a 609 p. 
020 |a 9789874826459 
710 2 |a Comisión provincial de la memoria. 
650 7 |a DERECHOS HUMANOS 
859 |a DERECHO  |b BIB. DERECHO  |h 323  |i COM  |p 0010655